trouves tous les capitals d'europe - Statistiques

Statistiques générales
  • Ce quiz a été pris 150 fois
    68 depuis la dernière actualisation
  • Le résultat moyen est 20 sur 45
Réponses sur la Carte
Les réponses sont colorées sur une échelle allant du rouge au vert en fonction du pourcentage des utilisateurs qui les ont devinées à leur premier essai. Vous pouvez retrouver ces pourcentages ci-dessous.
 
Statistiques - réponses
Réponse % Correct
paris
94%
madrid
93%
lisbon
91%
rome
89%
londres
83%
berlin
78%
moscou
76%
dublin
72%
bruxelles
65%
kiev
63%
oslo
61%
luxembourg
57%
vatican
57%
athene
56%
monaco
56%
berne
52%
stockholm
52%
helsinki
50%
vienne
50%
budapest
48%
copenhague
46%
bucarest
44%
varsovie
44%
prague
43%
saint marin
43%
sofia
43%
reykjavik
39%
andorre-la-vieille
33%
zagreb
33%
riga
31%
tallinn
28%
amsterdame
26%
la vallette
26%
belgrade
24%
vilnius
24%
bratislava
22%
tirana
19%
vaduz
17%
pristina
15%
sarajevo
15%
chisinau
7%
nicosie
7%
podgorica
7%
skopje
7%
lubiana
6%
Aucun quiz correspondant
Distribution des résultats
% des personnes avec chaque résultat
Percentile par nombre de réponses
Votre historique - résultats
Vous n’avez pas pris ce quiz depuis la dernière actualisation